000 00658cam a22002291a 4500
001 7943415
005 20180215042753.0
008 740920s1958 nyu 001 0 eng
010 _a 58005061
035 _a(OCoLC)1017280
040 _aDLC
_cOU
_dOCoLC
_dMoSU-L
_dNSyU
_dDLC
041 _aeng
042 _apremarc
043 _an-us---
080 _a342.738
082 _a342.738 SMI
100 _a19
101 _aSHP
245 0 0 _aLiberty and justice :
_cedited by James Morton Smith and Paul L. Murphy.
906 _a7
_bcbc
_coclcrpl
_du
_encip
_f19
_gy-gencatlg
942 _2ddc
_cBK
999 _c42610
_d42610